000
00211nam a22000857a 4500
001
1235140
005
20250930103707.0
245
_a
ADALET VE HAKSIZLIK
_c
BRIGİTTE LABBE
260
_b
GÜNIŞIĞI KİTAPLIĞI YAYINLARI
999
_c
1235140
_d
1235140